000
00219nam a22000857a 4500
008
160704b xxu||||| |||| 00| 0 eng d
100
_9
1967
_a
Mittal, S
245
_a
Children and Media
260
_a
New Delhi
_b
Isha Books
_c
2005
999
_c
1667
_d
1667